<?xml version="1.0" encoding="UTF-8"?>
<collection xmlns="http://www.loc.gov/MARC21/slim">
 <record>
  <leader>01436nam a22002417a 4500</leader>
  <controlfield tag="001">NCT_80839</controlfield>
  <controlfield tag="008">200610b        xxu||||| |||| 00| 0 vie d</controlfield>
  <datafield tag="999" ind1=" " ind2=" ">
   <subfield code="c">3967</subfield>
   <subfield code="d">3967</subfield>
  </datafield>
  <datafield tag="020" ind1=" " ind2=" ">
   <subfield code="a">9786049561856</subfield>
   <subfield code="c">142000</subfield>
  </datafield>
  <datafield tag="082" ind1="0" ind2="4">
   <subfield code="2">23rd ed.</subfield>
   <subfield code="a">390.095976</subfield>
   <subfield code="b">Th107</subfield>
  </datafield>
  <datafield tag="100" ind1="1" ind2=" ">
   <subfield code="a">Nguyễn Ngọc Thanh</subfield>
   <subfield code="e">Chủ biên</subfield>
  </datafield>
  <datafield tag="245" ind1="1" ind2="0">
   <subfield code="a">Đặc trưng văn hóa vùng Tây Nguyên</subfield>
   <subfield code="c">Nguyễn Ngọc Thanh (chủ biên) ; Trương Văn Cường, Nguyễn Thẩm Thu Hà, ....(biên soạn)</subfield>
  </datafield>
  <datafield tag="260" ind1=" " ind2=" ">
   <subfield code="a">H.</subfield>
   <subfield code="b">Khoa học xã hội</subfield>
   <subfield code="c">2018</subfield>
  </datafield>
  <datafield tag="300" ind1=" " ind2=" ">
   <subfield code="a">295 tr.</subfield>
   <subfield code="b">bảng</subfield>
   <subfield code="c">23cm</subfield>
  </datafield>
  <datafield tag="500" ind1=" " ind2=" ">
   <subfield code="a">ĐTTS ghi: Tâm trung Thông tin Văn hóa các dân tộc</subfield>
  </datafield>
  <datafield tag="504" ind1=" " ind2=" ">
   <subfield code="a">Thư mục: tr.281-295</subfield>
  </datafield>
  <datafield tag="520" ind1="3" ind2=" ">
   <subfield code="a">Sách giới thiệu đặc trưng văn hóa đất và con người, di tích và danh thắng cảnh, văn hóa ẩm thực, trang phục, nhà ở, nghề thủ công, phong tục, tập quán lễ hội, nghệ thuật dân gian của vùng đất Tây Nguyên.</subfield>
  </datafield>
  <datafield tag="653" ind1=" " ind2=" ">
   <subfield code="a">Quản trị DV Du lịch và Lữ hành</subfield>
  </datafield>
  <datafield tag="700" ind1="1" ind2=" ">
   <subfield code="a">Trương Văn Cường</subfield>
   <subfield code="e">Biên soạn</subfield>
  </datafield>
  <datafield tag="700" ind1="1" ind2=" ">
   <subfield code="a">Nguyễn Thẩm Thu Hà</subfield>
   <subfield code="e">Biên soạn</subfield>
  </datafield>
  <datafield tag="942" ind1=" " ind2=" ">
   <subfield code="2">ddc</subfield>
   <subfield code="c">BK</subfield>
  </datafield>
  <datafield tag="952" ind1=" " ind2=" ">
   <subfield code="0">0</subfield>
   <subfield code="1">0</subfield>
   <subfield code="2">ddc</subfield>
   <subfield code="4">0</subfield>
   <subfield code="6">390_095976000000000_TH107</subfield>
   <subfield code="7">0</subfield>
   <subfield code="9">19728</subfield>
   <subfield code="a">000001</subfield>
   <subfield code="b">000001</subfield>
   <subfield code="d">2020-06-10</subfield>
   <subfield code="o">390.095976 Th107</subfield>
   <subfield code="p">MD.17361</subfield>
   <subfield code="r">2020-06-10</subfield>
   <subfield code="v">142000.00</subfield>
   <subfield code="w">2020-06-10</subfield>
   <subfield code="y">BK</subfield>
  </datafield>
  <datafield tag="980" ind1=" " ind2=" ">
   <subfield code="a">Thư viện Trường Đại học Nam Cần Thơ</subfield>
  </datafield>
 </record>
</collection>
